[Event "Innsbruck op-B 3rd"]
[Site "Innsbruck"]
[Date "2019.08.26"]
[Round "3"]
[White "Lachat, Martin"]
[Black "Beyer, Edith"]
[Result "0-1"]
[WhiteElo "1625"]
[BlackElo "1445"]
[PlyCount "122"]
[EventDate "2019.08.25"]
[EventType "swiss"]
[EventRounds "9"]
[EventCountry "AUT"]
[SourceTitle "EXT 2020"]
[Source "ChessBase"]
[SourceDate "2019.10.17"]
[SourceVersion "1"]
[SourceVersionDate "2019.10.17"]
[SourceQuality "1"]

1. c4 e5 2. Nc3 Nf6 3. Nf3 d6 4. d4 exd4 5. Nxd4 c5 6. Nf3 a6 7. e4 Nc6 8. a3 Be7 9. Be2 0-0 10. 0-0 Be6 11. Be3 Qc7 12. Qc2 Nd7 13. Rad1 Nde5 14. Nxe5 Nxe5 15. Nd5 Bxd5 16. Rxd5 Ng6 17. Rfd1 Rad8 18. f4 Qc8 19. h3 Qc7 20. Bg4 Bf6 21. g3 Ne7 22. R5d2 Nc6 23. Rd3 Nd4 24. Qd2 Qc6 25. Qg2 Rfe8 26. Bxd4 Bxd4+ 27. Kh2 Qb6 28. b4 f6 29. Rb3 Qc7 30. Bf3 b6 31. Qc2 Kh8 32. a4 Re7 33. bxc5 Bxc5 34. Rd5 Qc6 35. Rbd3 Qc7 36. Qe2 a5 37. e5 fxe5 38. fxe5 Rde8 39. Qd2 Rxe5 40. Rxe5 Rxe5 41. Qf4 Qe7 42. Rd2 Be3 43. Qd4 Bxd2 44. Qxd2 g6 45. Kg2 Qc7 46. Qh6 Qe7 47. Qd2 Rc5 48. Qd4+ Qe5 49. Qd3 Kg7 50. Qb3 Qd4 51. Be2 Qe4+ 52. Kf2 Qd4+ 53. Kg2 Re5 54. Kf1 Qe3 55. Qxe3 Rxe3 56. Kf2 Ra3 57. Bd1 Kf6 58. Bc2 h6 59. Bd1 g5 60. Kg2 Ke5 61. Kf2 Kd4 0-1

[Event "North Austria-ch Seniors 65"]
[Site "Spitz am Donau"]
[Date "2018.10.12"]
[Round "6.12"]
[White "Zierlinger, Karl"]
[Black "Beyer, Edith"]
[Result "1/2-1/2"]
[WhiteElo "1268"]
[BlackElo "1372"]
[PlyCount "90"]
[EventDate "2018.10.07"]
[EventType "swiss"]
[EventRounds "7"]
[EventCountry "AUT"]
[SourceTitle "EXT 2024"]
[Source "ChessBase"]
[SourceDate "2023.10.10"]
[SourceVersion "1"]
[SourceVersionDate "2023.10.10"]
[SourceQuality "1"]

1. d4 d5 2. c4 Nf6 3. Nf3 e6 4. a3 Nc6 5. Bg5 Be7 6. cxd5 exd5 7. Bxf6 Bxf6 8. e3 0-0 9. Bd3 Re8 10. 0-0 Ne7 11. Nc3 c6 12. Qc2 Ng6 13. Ne2 Bg4 14. Nd2 Bxe2 15. Bxe2 Qc7 16. Rad1 Re6 17. Bg4 Re7 18. Bf5 Nf8 19. Nb3 g6 20. Bh3 Ne6 21. g3 Rae8 22. Rfe1 Ng5 23. Bg2 Ne4 24. Nd2 Nd6 25. Re2 Bxd4 26. Rde1 Bb6 27. e4 Nb5 28. Nb3 Nd4 29. Nxd4 Bxd4 30. exd5 Rxe2 31. Rxe2 Rxe2 32. Qxe2 cxd5 33. Bxd5 Qc1+ 34. Kg2 Kf8 35. Qf3 Qc7 36. Qe4 Bxb2 37. Qb4+ Kg8 38. Qxb2 h6 39. f4 Qc5 40. Qb3 Qe7 41. a4 Qe2+ 42. Kh3 Qh5+ 43. Kg2 Qe2+ 44. Kg1 Qe1+ 45. Kg2 Qe2+ 1/2-1/2

[Event "North Austria-ch Seniors 65"]
[Site "Spitz am Donau"]
[Date "2017.10.11"]
[Round "4"]
[White "Schwarzmeier, Christine"]
[Black "Beyer, Edith"]
[Result "1/2-1/2"]
[WhiteElo "1029"]
[BlackElo "1406"]
[PlyCount "46"]
[EventDate "2017.10.08"]
[EventType "swiss"]
[EventRounds "7"]
[EventCountry "AUT"]
[SourceTitle "CBM 181 Extra"]
[Source "ChessBase"]
[SourceDate "2017.12.12"]
[SourceVersion "1"]
[SourceVersionDate "2017.12.12"]
[SourceQuality "1"]

1. e4 e5 2. Nf3 Nc6 3. d4 exd4 4. Nxd4 Bc5 5. Be3 Qf6 6. c3 Nge7 7. Bc4 Ne5 8. Be2 0-0 9. 0-0 d6 10. f4 N5c6 11. Na3 Nxd4 12. cxd4 Bxa3 13. bxa3 Qe6 14. Bd3 Qd7 15. f5 f6 16. Qg4 a6 17. Bh6 Nc6 18. Bc4+ Kh8 19. Be6 Qe7 20. Be3 Nd8 21. Bxc8 Rxc8 22. d5 Nf7 23. Qh3 Ne5 1/2-1/2

[Event "AUT-ch (Women)"]
[Site "Graz"]
[Date "2017.08.17"]
[Round "6"]
[White "Beyer, Edith"]
[Black "Hohendanner, Sonja"]
[Result "1/2-1/2"]
[WhiteElo "1406"]
[BlackElo "1638"]
[PlyCount "64"]
[EventDate "2017.08.12"]
[EventType "swiss"]
[EventRounds "9"]
[EventCountry "AUT"]
[SourceTitle "CBM 180 Extra"]
[Source "ChessBase"]
[SourceDate "2017.10.06"]
[SourceVersion "1"]
[SourceVersionDate "2017.10.06"]
[SourceQuality "1"]

1. e4 c5 2. Nf3 Nc6 3. Nc3 d6 4. Bc4 e6 5. 0-0 Nf6 6. d3 a6 7. Be3 Be7 8. Qd2 0-0 9. Ne1 Nd4 10. Bb3 Qc7 11. Bxd4 cxd4 12. Ne2 e5 13. h3 Bd7 14. f4 Bc6 15. fxe5 dxe5 16. Rc1 Qb6 17. Qg5 Qc7 18. Qd2 Qb6 19. Qd1 Bd7 20. Kh1 Be6 21. Bxe6 Qxe6 22. a3 a5 23. Ng3 g6 24. Nf3 Nd7 25. Qd2 f6 26. Qh6 Rf7 27. h4 Bf8 28. Qd2 b6 29. Nh2 h5 30. Qe2 Rh7 31. Rf2 Bh6 32. Rcf1 Rf8 1/2-1/2

[Event "Admont 4 Lands (Women)"]
[Site "Admont"]
[Date "2017.06.05"]
[Round "3.5"]
[White "Beyer, Edith"]
[Black "Amritzer, Martina"]
[Result "1/2-1/2"]
[WhiteElo "1406"]
[BlackElo "1571"]
[PlyCount "95"]
[EventDate "2017.06.03"]
[EventType "team-tourn"]
[EventRounds "3"]
[EventCountry "AUT"]
[SourceTitle "EXT 2020"]
[Source "ChessBase"]
[SourceDate "2019.10.17"]
[SourceVersion "1"]
[SourceVersionDate "2019.10.17"]
[SourceQuality "1"]
[WhiteTeam "Niederoesterreich (W)"]
[BlackTeam "Oberoesterreich (W)"]
[WhiteTeamCountry "AUT"]
[BlackTeamCountry "AUT"]

1. d4 d5 2. c4 e5 3. dxe5 d4 4. e3 Bb4+ 5. Bd2 dxe3 6. fxe3 Bxd2+ 7. Qxd2 Qh4+ 8. g3 Qe4 9. Bg2 Qxc4 10. Qc3 Qxc3+ 11. Nxc3 c6 12. Ne4 Nd7 13. Nf3 Nh6 14. Nd6+ Ke7 15. Bh3 Rb8 16. Rd1 Rd8 17. Ke2 Nb6 18. Nxc8+ Nxc8 19. Rxd8 Kxd8 20. Rd1+ Kc7 21. Rd7+ Kb6 22. Ng5 Ka6 23. Nxf7 Nb6 24. Rd8 Rxd8 25. Nxd8 Ng8 26. Be6 Ne7 27. b3 Nbd5 28. Bxd5 Nxd5 29. e6 Kb6 30. Nf7 Kc5 31. a3 Ne7 32. Kd3 Kd5 33. Nd8 b5 34. e4+ Ke5 35. b4 a6 36. Ke3 h6 37. g4 Kd6 38. Kd4 Ng6 39. h3 Nf4 40. h4 Ne2+ 41. Ke3 Nc3 42. Kd4 Nb1 43. e5+ Ke7 44. Nxc6+ Kxe6 45. Nb8 Nxa3 46. Nxa6 Nc2+ 47. Ke4 Kd7 48. Nc5+ 1/2-1/2

[Event "Admont 4 Lands (Women)"]
[Site "Admont"]
[Date "2017.06.03"]
[Round "1.5"]
[White "Artner, Waltraud"]
[Black "Beyer, Edith"]
[Result "0-1"]
[WhiteElo "1522"]
[BlackElo "1406"]
[PlyCount "98"]
[EventDate "2017.06.03"]
[EventType "team-tourn"]
[EventRounds "3"]
[EventCountry "AUT"]
[SourceTitle "EXT 2020"]
[Source "ChessBase"]
[SourceDate "2019.10.17"]
[SourceVersion "1"]
[SourceVersionDate "2019.10.17"]
[SourceQuality "1"]
[WhiteTeam "Burgenland (W)"]
[BlackTeam "Niederoesterreich (W)"]
[WhiteTeamCountry "AUT"]
[BlackTeamCountry "AUT"]

1. d4 d5 2. c4 Nf6 3. Nc3 e6 4. Bg5 Bb4 5. Qc2 0-0 6. e3 Nbd7 7. Nf3 Qe8 8. Bd3 Bxc3+ 9. bxc3 Ne4 10. cxd5 exd5 11. Bf4 Qd8 12. Bxe4 dxe4 13. Qxe4 Nf6 14. Qc2 c6 15. Bg5 Qd6 16. Bf4 Qd5 17. 0-0 Bf5 18. Qe2 Bg4 19. c4 Bxf3 20. gxf3 Qd7 21. Kh1 Rfe8 22. Rg1 Nh5 23. Bh6 Qe6 24. Bg5 h6 25. Bh4 Nf4 26. Qd2 Ng6 27. Bg3 Qxc4 28. Rac1 Qe6 29. e4 Rad8 30. Rge1 Qf6 31. e5 Qxf3+ 32. Kg1 Qd5 33. Rcd1 Qe6 34. Qc2 h5 35. f4 h4 36. f5 Qd5 37. fxg6 hxg3 38. gxf7+ Qxf7 39. hxg3 Qf3 40. Rd3 Qg4 41. Qd2 Rd5 42. Rf1 Qg6 43. Re1 c5 44. Ree3 cxd4 45. Rxd4 Rxd4 46. Qxd4 Qb1+ 47. Kf2 Rf8+ 48. Rf3 Qxa2+ 49. Ke3 Qa3+ 0-1

[Event "GER-ch international (Women)"]
[Site "Bodenmais"]
[Date "2016.08.04"]
[Round "6"]
[White "Freter, Anke"]
[Black "Beyer, Edith"]
[Result "1-0"]
[WhiteElo "1873"]
[BlackElo "1430"]
[PlyCount "65"]
[EventDate "2016.07.30"]
[EventType "swiss"]
[EventRounds "9"]
[EventCountry "GER"]
[SourceTitle "EXT 2019"]
[Source "ChessBase"]
[SourceDate "2018.10.10"]
[SourceVersion "1"]
[SourceVersionDate "2018.10.10"]
[SourceQuality "1"]

1. e4 e5 2. Nf3 Nc6 3. Bb5 d6 4. 0-0 Nf6 5. Re1 Be7 6. c3 0-0 7. h3 a6 8. Ba4 b5 9. Bc2 h6 10. d4 Nh7 11. Be3 Kh8 12. Nbd2 Ng5 13. Kh2 f5 14. exf5 Bxf5 15. Bxf5 Rxf5 16. Nh4 Rf6 17. dxe5 Nxe5 18. f4 Nd3 19. fxg5 Rf8 20. Ng6+ Kg8 21. Re2 d5 22. Nxf8 Qd6+ 23. Kh1 Qg3 24. Nf3 Rxf8 25. Qxd3 Rxf3 26. gxf3 Qxf3+ 27. Kg1 Bxg5 28. Rd1 Qg3+ 29. Kf1 c6 30. Bxg5 Qxg5 31. Qe3 Qf5+ 32. Ke1 Qf6 33. Qe6+ 1-0

[Event "GER-ch international (Women)"]
[Site "Bodenmais"]
[Date "2016.07.31"]
[Round "2"]
[White "Moerwald, Miriam"]
[Black "Beyer, Edith"]
[Result "1-0"]
[WhiteElo "1618"]
[BlackElo "1430"]
[PlyCount "33"]
[EventDate "2016.07.30"]
[EventType "swiss"]
[EventRounds "9"]
[EventCountry "GER"]
[SourceTitle "EXT 2019"]
[Source "ChessBase"]
[SourceDate "2018.10.10"]
[SourceVersion "1"]
[SourceVersionDate "2018.10.10"]
[SourceQuality "1"]

1. e4 e6 2. d4 d5 3. Nc3 Bb4 4. e5 Bxc3+ 5. bxc3 Ne7 6. Bd3 0-0 7. Qh5 g6 8. Qh6 Kh8 9. Nf3 Ng8 10. Qh3 Kg7 11. Ng5 h6 12. Nf3 Nd7 13. Qg3 b6 14. h4 h5 15. Ng5 c5 16. Nxe6+ fxe6 17. Qxg6+ 1-0

[Event "AUT-ch (Women)"]
[Site "Pinkafeld"]
[Date "2015.08.02"]
[Round "9"]
[White "Froewis, Annika"]
[Black "Beyer, Edith"]
[Result "1-0"]
[WhiteElo "2066"]
[BlackElo "1355"]
[PlyCount "43"]
[EventDate "2015.07.25"]
[EventType "swiss"]
[EventRounds "9"]
[EventCountry "AUT"]
[SourceTitle "CBM 167 Extra"]
[Source "ChessBase"]
[SourceDate "2015.09.14"]
[SourceVersion "1"]
[SourceVersionDate "2015.09.14"]
[SourceQuality "1"]

1. e4 e5 2. Nf3 Nc6 3. d4 d5 4. Bb5 a6 5. Bxc6+ bxc6 6. Nxe5 Bb7 7. Qf3 Nf6 8. 0-0 dxe4 9. Qb3 Qd5 10. Qxb7 Rd8 11. Nxc6 Bd6 12. Nxd8 Bxh2+ 13. Kxh2 Qh5+ 14. Kg1 0-0 15. Qxc7 Ng4 16. Nc3 Re8 17. Bf4 h6 18. Rae1 g5 19. Bg3 f5 20. f3 Nf6 21. Be5 Nh7 22. Qg7# 1-0

[Event "AUT-ch (Women)"]
[Site "Pinkafeld"]
[Date "2015.07.31"]
[Round "7"]
[White "Beyer, Edith"]
[Black "Pilsan, Martha"]
[Result "0-1"]
[WhiteElo "1355"]
[BlackElo "1575"]
[PlyCount "82"]
[EventDate "2015.07.25"]
[EventType "swiss"]
[EventRounds "9"]
[EventCountry "AUT"]
[SourceTitle "CBM 167 Extra"]
[Source "ChessBase"]
[SourceDate "2015.09.14"]
[SourceVersion "1"]
[SourceVersionDate "2015.09.14"]
[SourceQuality "1"]

1. e4 e5 2. Nf3 Nc6 3. Nc3 Nf6 4. d4 exd4 5. Nxd4 Bb4 6. Nxc6 bxc6 7. Bd3 d5 8. 0-0 Bxc3 9. bxc3 dxe4 10. Ba3 exd3 11. Re1+ Be6 12. Qf3 Qd7 13. Re3 0-0-0 14. Rxd3 Bd5 15. Qe3 Qg4 16. f3 Qa4 17. c4 Bxc4 18. Rxd8+ Rxd8 19. Qc3 Nd5 20. Qxg7 Qxc2 21. Qg4+ Kb7 22. Rc1 Qxa2 23. Qxc4 Qxa3 24. Qxc6+ Kb8 25. Rb1+ Nb6 26. Rc1 Qd6 27. Qc2 h6 28. Kh1 Rd7 29. Kg1 Qd4+ 30. Kh1 Qd2 31. Qb1 Qd3 32. Qa1 Qe2 33. h3 Rd2 34. Rg1 Kb7 35. Qc1 Nc4 36. Qb1+ Rb2 37. Qa1 Ne3 38. Qc1 Nxg2 39. Qxh6 Nh4 40. Qf4 Nxf3 41. Rc1 Qg2# 0-1

[Event "AUT-ch (Women)"]
[Site "Pinkafeld"]
[Date "2015.07.29"]
[Round "5"]
[White "Tschida, Verena"]
[Black "Beyer, Edith"]
[Result "0-1"]
[WhiteElo "1722"]
[BlackElo "1355"]
[PlyCount "54"]
[EventDate "2015.07.25"]
[EventType "swiss"]
[EventRounds "9"]
[EventCountry "AUT"]
[SourceTitle "CBM 167 Extra"]
[Source "ChessBase"]
[SourceDate "2015.09.14"]
[SourceVersion "1"]
[SourceVersionDate "2015.09.14"]
[SourceQuality "1"]

1. d4 d5 2. c4 Nf6 3. Nc3 e6 4. e3 c5 5. Nf3 Nc6 6. cxd5 exd5 7. Be2 c4 8. 0-0 a6 9. Bd2 Bd6 10. b3 b5 11. a4 b4 12. Nxd5 c3 13. Nxf6+ Qxf6 14. Bc1 0-0 15. e4 Qg6 16. e5 Bc7 17. Bd3 Qh5 18. Re1 Rd8 19. Re4 Nxd4 20. Rxd4 Rxd4 21. Bxh7+ Kxh7 22. Qxd4 Bb7 23. Ng5+ Kg8 24. f4 Rd8 25. Qe3 Qg4 26. Nf3 Qe6 27. Rb1 Bb6 0-1

[Event "AUT-ch (Women)"]
[Site "Pinkafeld"]
[Date "2015.07.28"]
[Round "4"]
[White "Beyer, Edith"]
[Black "Busuioc, Alexandra"]
[Result "0-1"]
[WhiteElo "1355"]
[BlackElo "1826"]
[PlyCount "54"]
[EventDate "2015.07.25"]
[EventType "swiss"]
[EventRounds "9"]
[EventCountry "AUT"]
[SourceTitle "CBM 167 Extra"]
[Source "ChessBase"]
[SourceDate "2015.09.14"]
[SourceVersion "1"]
[SourceVersionDate "2015.09.14"]
[SourceQuality "1"]

1. e4 e5 2. Nf3 Nc6 3. Bc4 Bc5 4. c3 Nf6 5. d3 0-0 6. 0-0 d6 7. b4 Bb6 8. Qb3 h6 9. h3 Nh5 10. Be3 Qf6 11. Nh2 Qg6 12. Ng4 Bxg4 13. hxg4 Qxg4 14. b5 Na5 15. Qd1 Qxd1 16. Rxd1 Nxc4 17. dxc4 Bxe3 18. fxe3 Ng3 19. Nd2 Ne2+ 20. Kf2 Nxc3 21. Rdc1 Na4 22. Rh1 a6 23. Rh2 axb5 24. cxb5 Nc3 25. a3 Nxb5 26. a4 Nc3 27. a5 f5 0-1

[Event "AUT-ch (Women)"]
[Site "Feistritz an der Drau"]
[Date "2014.08.24"]
[Round "2"]
[White "Beyer, Edith"]
[Black "Mira, Helene"]
[Result "0-1"]
[WhiteElo "1427"]
[BlackElo "2077"]
[PlyCount "44"]
[EventDate "2014.08.24"]
[EventType "swiss"]
[EventRounds "9"]
[EventCountry "AUT"]
[SourceTitle "CBM 162 Extra"]
[Source "ChessBase"]
[SourceDate "2014.10.17"]
[SourceVersion "1"]
[SourceVersionDate "2014.10.17"]
[SourceQuality "1"]

1. d4 f5 2. Nc3 Nf6 3. Qd3 d5 4. Nf3 e6 5. Bf4 Be7 6. 0-0-0 0-0 7. Ne5 c5 8. Qf3 cxd4 9. Rxd4 Nc6 10. Nxc6 bxc6 11. h3 c5 12. Rd3 c4 13. Rd1 Ne4 14. Nxe4 fxe4 15. Qg3 Rxf4 16. Kb1 Rf7 17. h4 Qb6 18. e3 Bd6 19. Qg5 Rxf2 20. g4 Rb8 21. b3 Bd7 22. Ka1 Rxc2 0-1

[Event "AUT-ch (Women)"]
[Site "Hartberg"]
[Date "2004.07.29"]
[Round "6"]
[White "Schwaninger, Ulrike"]
[Black "Beyer, Edith"]
[Result "1-0"]
[WhiteElo "2008"]
[BlackElo "1436"]
[PlyCount "73"]
[EventDate "2004.07.??"]
[EventType "swiss"]
[EventRounds "9"]
[EventCountry "AUT"]
[SourceTitle "CBM 101 Extra"]
[Source "ChessBase"]
[SourceDate "2004.09.01"]
[SourceVersion "2"]
[SourceVersionDate "2004.09.01"]
[SourceQuality "1"]

1. c4 c6 2. d4 d5 3. Nd2 Nf6 4. Ngf3 e6 5. g3 b6 6. Bg2 Bd6 7. 0-0 0-0 8. b3 Nbd7 9. Bb2 Bb7 10. Ne5 Qc7 11. Nxd7 Nxd7 12. e4 f6 13. Rc1 c5 14. cxd5 exd5 15. exd5 Qb8 16. Qg4 f5 17. Qe2 f4 18. Qe6+ Kh8 19. Qxd7 Bc8 20. Qa4 b5 21. Qa5 b4 22. Rxc5 Bd7 23. Rfc1 Qe8 24. Nc4 Qe2 25. Bf1 Qf3 26. Nd2 Qh5 27. Ne4 fxg3 28. hxg3 Qf3 29. Bg2 Qe2 30. R5c2 Qh5 31. Nxd6 Rf6 32. Nc8 Rh6 33. Qd8+ Be8 34. Re1 g5 35. Rxe8+ Kg7 36. Rg8+ Kf7 37. Qf8# 1-0

[Event "AUT-ch (Women)"]
[Site "Hartberg"]
[Date "2004.07.27"]
[Round "4"]
[White "Beyer, Edith"]
[Black "Mayer, Michaela"]
[Result "0-1"]
[WhiteElo "1436"]
[BlackElo "1501"]
[PlyCount "62"]
[EventDate "2004.07.??"]
[EventType "swiss"]
[EventRounds "9"]
[EventCountry "AUT"]
[SourceTitle "CBM 101 Extra"]
[Source "ChessBase"]
[SourceDate "2004.09.01"]
[SourceVersion "2"]
[SourceVersionDate "2004.09.01"]
[SourceQuality "1"]

1. c4 e5 2. Nc3 Nc6 3. Nf3 Bc5 4. e4 d6 5. Be2 Nge7 6. 0-0 0-0 7. d3 f5 8. exf5 Nxf5 9. Nd5 Ncd4 10. Nxd4 Nxd4 11. b4 Nxe2+ 12. Qxe2 Bd4 13. Bb2 Bxb2 14. Qxb2 c6 15. Ne3 Qg5 16. Rac1 Rf6 17. b5 Rg6 18. Kh1 Bf5 19. Qc3 Re8 20. Rg1 Bd7 21. Qb2 Qh5 22. f3 Rh6 23. g4 Qh3 24. Qf2 Rf8 25. Rcf1 Rxf3 26. Qe2 Rxe3 27. Qf2 Rf3 28. Qe2 Rxf1 29. Rxf1 Qxg4 30. Qe3 cxb5 31. cxb5 Bxb5 0-1

[Event "AUT-ch (Women)"]
[Site "Hartberg"]
[Date "2004.07.24"]
[Round "1"]
[White "Beyer, Edith"]
[Black "Vokroj, Gabriela"]
[Result "0-1"]
[WhiteElo "1436"]
[BlackElo "1732"]
[PlyCount "58"]
[EventDate "2004.07.??"]
[EventType "swiss"]
[EventRounds "9"]
[EventCountry "AUT"]
[SourceTitle "CBM 101 Extra"]
[Source "ChessBase"]
[SourceDate "2004.09.01"]
[SourceVersion "2"]
[SourceVersionDate "2004.09.01"]
[SourceQuality "1"]

1. c4 e5 2. Nc3 Nf6 3. e4 Bc5 4. Be2 Nc6 5. Nf3 d6 6. 0-0 0-0 7. d3 h6 8. Kh1 Ng4 9. Qe1 f5 10. h3 Nf6 11. exf5 Bxf5 12. Nh2 Nd4 13. Qd1 Qe8 14. Bf3 Nxf3 15. Qxf3 Qg6 16. Rd1 e4 17. dxe4 Nxe4 18. Be3 Nxc3 19. bxc3 Be4 20. Qg4 Bxe3 21. fxe3 Qxg4 22. Nxg4 h5 23. Nh2 Rf2 24. Nf3 Bxf3 25. gxf3 Rxf3 26. Rd3 Rxh3+ 27. Kg2 Rh4 28. Rad1 Rxc4 29. e4 Rxe4 0-1